[Event "48th Capablanca Open II 2013"]
[Site "Havana CUB"]
[Date "2013.04.21"]
[Round "1.12"]
[White "Lopez Gonzalez,A"]
[Black "Morales Marmol,Marcos Antonio"]
[Result "1-0"]
[WhiteElo "2209"]
[BlackElo "1985"]

1.e4 c5 2.Nf3 d6 3.d4 cxd4 4.Nxd4 Nf6 5.Nc3 a6 6.Be3 e5 7.Nb3 Be6 8.Qd2 Be7
9.f3 O-O 10.O-O-O Nbd7 11.g4 b5 12.g5 b4 13.gxf6 bxc3 14.Qxc3 Nxf6 15.Na5 Rc8
16.Nc6 Qe8 17.Nxe7+ Qxe7 18.Qa5 Rc6 19.Rg1 Kh8 20.Rg2 Qb7 21.Rgd2 Rfc8 22.Kb1 h6
23.Rxd6 Rxc2 24.Bb6 Qe7 25.Rd8+ Kh7 26.Bxa6 Rxd8 27.Bxd8 Qc5 28.Qxc5 Rxc5
29.b4 Rc3 30.Rd3 Nd5 31.exd5 Bf5 32.Kb2 Bxd3 33.Kxc3 Bxa6 34.a4 f5 35.b5 Bb7
36.Kc4 g5 37.a5 f4 38.a6 Bc8 39.d6  1-0

[Event "48th Capablanca Open II 2013"]
[Site "Havana CUB"]
[Date "2013.04.22"]
[Round "2.18"]
[White "Felix Vega,Aurora Edith"]
[Black "Cantillo,R"]
[Result "1-0"]
[WhiteElo "2010"]
[BlackElo "2177"]

1.e4 c5 2.Nf3 d6 3.d4 cxd4 4.Nxd4 Nf6 5.Nc3 a6 6.Be3 Nc6 7.Be2 e6 8.O-O Be7
9.f4 Bd7 10.Qe1 Nxd4 11.Bxd4 Bc6 12.Bd3 b5 13.a3 O-O 14.Qg3 g6 15.Rae1 Rb8
16.f5 e5 17.Be3 b4 18.axb4 Rxb4 19.Bh6 Re8 20.Bd2 Kh8 21.Nd5 Bxd5 22.Bxb4 Qb6+
23.Qf2 Qxb4 24.exd5 Bd8 25.c3 Qb7 26.Qe2 Qxd5 27.Bxa6 gxf5 28.Rxf5 Rg8 29.Kh1 Qe6
30.Bd3 Rg6 31.Qf3 Kg7 32.b4 Qb3 33.Bb1 Qc4 34.Rf1 e4 35.Qe3 d5 36.R5f2 Qc6
37.Qd2 Qe6 38.Re2 Bc7 39.c4 Qe5 40.g3 dxc4 41.Qe3 Qh5 42.Bxe4 Rxg3 43.Qf2 Nxe4
44.Rxe4 Qg6 45.Qxf7+ Qxf7 46.Rxf7+ Kxf7 47.hxg3 c3 48.Kg2 Kf6 49.g4 Be5 50.b5 Ke6
51.b6 Kd5 52.Rxe5+ Kxe5 53.b7 c2 54.b8=Q+ Kd4 55.Qb2+ Kd3 56.Qc1  1-0

[Event "48th Capablanca Open I 2013"]
[Site "Havana CUB"]
[Date "2013.04.22"]
[Round "2.43"]
[White "Vega,L"]
[Black "Aucay Pelaez,M"]
[Result "1/2-1/2"]
[WhiteElo "2362"]
[BlackElo "2240"]

1.e4 c5 2.Nf3 d6 3.d4 cxd4 4.Nxd4 Nf6 5.Nc3 a6 6.Be3 e5 7.Nb3 Be6 8.f3 b5
9.Qd2 Nbd7 10.O-O-O Be7 11.g4 O-O 12.Rg1 Nb6 13.g5 Nfd7 14.Nd5 Nxd5 15.exd5 Bf5
16.Na5 Qc7 17.Nc6 Nb8 18.Nxe7+ Qxe7 19.Bd3 Bxd3 20.Qxd3 Nd7 21.h4 Rac8 22.h5 Rc4
23.h6 g6 24.Rge1 Rfc8 25.Rd2 e4  1/2-1/2

[Event "77th ch-BUL 2013"]
[Site "Bankya BUL"]
[Date "2013.04.23"]
[Round "9.2"]
[White "Spasov,V"]
[Black "Enchev,I"]
[Result "1/2-1/2"]
[WhiteElo "2566"]
[BlackElo "2451"]

1.e4 c5 2.Nf3 d6 3.d4 cxd4 4.Nxd4 Nf6 5.Nc3 a6 6.Be3 e5 7.Nf3 Be7 8.Bc4 O-O
9.O-O Be6 10.Bxe6 fxe6 11.Na4 Ng4 12.Qd3 b5 13.Nb6 Ra7 14.Nd5 Nxe3 15.Qxe3 Rb7
16.Qd3 Qd7 17.Nxe7+ Qxe7 18.Rfd1 Rb6 19.Rac1 Nd7 20.b4 Nf6 21.c4 bxc4 22.Qxc4 h6
23.a3 d5 24.exd5 exd5 25.Qc7 Qxc7 26.Rxc7 e4 27.Nd4 Ng4 28.f3 exf3 29.Nxf3 Ne3
30.Re1 Re8 31.h3 Re4 32.Nd2 Ree6 33.Nf3 Re4 34.Rc3 Rbe6 35.Kf2 Nxg2 36.Rxe4 dxe4
37.Kxg2 exf3+ 38.Kxf3 Kf7 39.h4 g5 40.hxg5 hxg5 41.a4 Rb6 42.Rb3 Ke6 43.b5 axb5
44.Rxb5 Rxb5 45.axb5  1/2-1/2

[Event "48th Capablanca Open II 2013"]
[Site "Havana CUB"]
[Date "2013.04.23"]
[Round "3.34"]
[White "Fuentes,Adrian"]
[Black "Suarez Cabo,A"]
[Result "0-1"]
[WhiteElo "1984"]
[BlackElo "2137"]

1.e4 c5 2.Nf3 d6 3.d4 cxd4 4.Nxd4 Nf6 5.Nc3 a6 6.Be3 e6 7.f3 Be7 8.Qd2 O-O
9.O-O-O Nc6 10.Kb1 Nd7 11.f4 Nxd4 12.Bxd4 b5 13.Qf2 b4 14.Na4 Rb8 15.Bd3 Qc7
16.Qg3 e5 17.fxe5 dxe5 18.b3 Bd6 19.Be3 Kh8 20.Rhf1 f5 21.Qe1 f4 22.Bc1 Nc5
23.Nxc5 Bxc5 24.Bb2 Bg4 25.Be2 Be6 26.Qh4 Rbc8 27.Bd3 a5 28.Qh5 Bd6 29.g3 Qf7
30.Qxf7 Rxf7 31.gxf4 Rxf4 32.Rxf4 exf4 33.Ba6 Rc6 34.Bb7 Rb6 35.Bd5 Bxd5
36.Rxd5 Kg8 37.Rxa5 Rb7 38.Bd4 g6 39.Rd5 Bf8 40.Kc1 Re7 41.Bc5 Re8 42.Bxf8 Rxf8
43.Kd2 Ra8 44.Ke2 Rxa2 45.Rc5 Ra7 46.Kf3 Rf7 47.Rc4 g5 48.Rxb4 g4+ 49.Kf2 Rd7
50.Rc4 Rd2+ 51.Ke1 f3 52.b4 h5 53.b5 h4 54.b6 g3 55.hxg3 hxg3 56.Rc8+ Kf7  0-1

[Event "77th ch-BUL 2013"]
[Site "Bankya BUL"]
[Date "2013.04.25"]
[Round "11.1"]
[White "Spasov,V"]
[Black "Vutov,M"]
[Result "1/2-1/2"]
[WhiteElo "2566"]
[BlackElo "2362"]

1.e4 c5 2.Nf3 d6 3.d4 cxd4 4.Nxd4 Nf6 5.Nc3 a6 6.Be3 e5 7.Nf3 Be7 8.Bc4 O-O
9.O-O Nc6 10.Bb3 h6 11.Nh4 Na5 12.Ng6 Nxb3 13.Nxe7+ Qxe7 14.axb3 Be6 15.f3 Rad8
16.Bb6 Rc8 17.Rf2 Kh8 18.Rd2 Rc6 19.Bf2 Ne8 20.Qe2 f5 21.exf5 Bxf5 22.Nd5 Qf7
23.c4 Be6 24.Rad1 Bxd5 25.Rxd5 Qg6 26.c5 dxc5 27.Rxe5 Nf6 28.Bxc5 Rfc8 29.Qf2 Nd7
30.Rxd7 Rxc5 31.Rxc5 Qb1+ 32.Qf1 Qxf1+ 33.Kxf1 Rxc5 34.Ke2 Rb5 35.Rd3 Kg8
36.Kd2 Kf8 37.Kc2 Ke7 38.Rd4 a5 39.Kc3 b6 40.b4 Ke6 41.bxa5 bxa5 42.h4 h5
43.b3 g5 44.Kc4 Rb4+ 45.Kc3 Rb5 46.Re4+ Kf6 47.Kb2 gxh4 48.Rxh4 Rg5 49.Ka3 Ke6
50.Ka4 Kd6 51.Rh2 Kc6 52.f4 Rf5 53.g3 Kb6 54.Rh1 Rd5 55.Re1 Rd4+ 56.Ka3 Rd3
57.Re6+ Kb7 58.Rg6 Rf3 59.Rh6 Rxg3 60.Rxh5 Rf3 61.Rf5 Kb6 62.Rf6+ Kb5 63.Rf5+ Kb6
64.Ka4 Rf1 65.Rf6+ Kc5 66.Rf5+ Kb6 67.Rb5+ Kc6 68.Kxa5 Rxf4 69.b4 Rf8 70.Rb6+ Kc7
71.Kb5 Rf1 72.Rh6 Kb7 73.Rh7+ Kb8 74.Ka5 Rf6 75.b5 Rg6  1/2-1/2

[Event "Zonal 2.5 2013"]
[Site "Montevideo URU"]
[Date "2013.04.25"]
[Round "9.11"]
[White "Latorre,Mat"]
[Black "Almiron,A"]
[Result "0-1"]
[WhiteElo "2274"]
[BlackElo "2194"]

1.e4 c5 2.Nf3 d6 3.d4 cxd4 4.Nxd4 Nf6 5.Nc3 a6 6.Be3 e5 7.Nb3 Be6 8.Qd2 Nbd7
9.O-O-O Be7 10.f4 Ng4 11.g3 Nxe3 12.Qxe3 Rc8 13.h4 Nf6 14.Bh3 Bxh3 15.Rxh3 Qc7
16.Qe2 O-O 17.f5 b5 18.g4 Qc4 19.Rdd3 b4 20.Na5 Qc5 21.Nd5 Nxd5 22.Rxd5 Qg1+
23.Qd1 Qg2 24.Re3 Bxh4 25.Kb1 Qf2 26.Qe2 Rc5 27.Qxf2 Bxf2 28.Red3 Rfc8 29.Rxd6 h5
30.Rd8+ Rxd8 31.Rxd8+ Kh7 32.Nb3 Rc4 33.Nd2 Rd4 34.Rxd4 Bxd4 35.gxh5 Kh6
36.Nf3 Kxh5 37.c3 bxc3 38.b4 Kg4 39.Nxd4 exd4 40.Kc2 Kf4 41.Kd3 Ke5 42.a4 f6  0-1

[Event "ch-CHN w 2013"]
[Site "Xinghua CHN"]
[Date "2013.04.25"]
[Round "9.3"]
[White "Zhai Mo"]
[Black "Li Xueyi"]
[Result "1-0"]
[WhiteElo "2259"]
[BlackElo "2135"]

1.e4 c5 2.Nf3 d6 3.d4 cxd4 4.Nxd4 Nf6 5.Nc3 a6 6.Be3 e5 7.Nb3 Be7 8.Qd2 Be6
9.f3 h5 10.O-O-O Nbd7 11.Kb1 Rc8 12.h3 b5 13.Rg1 h4 14.Qe1 Qc7 15.Qf2 Bc4
16.Bd3 Rb8 17.g4 hxg3 18.Rxg3 Bf8 19.Qf1 Bxd3 20.Qxd3 Nb6 21.f4 Nc4 22.Bc1 a5
23.fxe5 dxe5 24.Nd2 Bb4 25.Nxb5 Nxd2+ 26.Bxd2 Qc6 27.Bxb4 axb4 28.Nd6+ Kf8
29.Qb3 Qc7 30.Rgd3 Rh4 31.Re1 Kg8 32.a3 bxa3 33.Qxa3 Rf4 34.Rc3 Qd7 35.Qc5 Qe6
36.Qc7 Ra8 37.b3 Ne8 38.Qb7 Rd8 39.Nf5 g6 40.Rc6 Qd7 41.Ne7+ Kg7 42.Qxd7 Rxd7
43.Nd5 Rf3 44.b4 Rb7 45.Kb2 Rxh3 46.c4 Rh2+ 47.Kb3 Rh3+ 48.Kc2 Ra7 49.Kb2 Rh2+
50.Kb3 Rh3+ 51.Nc3 Nc7 52.b5 Ne6 53.Rxe6 fxe6 54.b6 Rb7 55.c5 Kf7 56.Kb4 Ke7
57.Na4 Rd3 58.c6 Rxb6+ 59.Nxb6 Kd6 60.Nc4+  1-0

[Event "TCh-CZE Extraliga 2012-13"]
[Site "Czech Republic CZE"]
[Date "2013.04.26"]
[Round "9.4"]
[White "Hracek,Z"]
[Black "Jaracz,P"]
[Result "1/2-1/2"]
[WhiteElo "2615"]
[BlackElo "2548"]

1.e4 c5 2.Nf3 d6 3.d4 cxd4 4.Nxd4 Nf6 5.Nc3 a6 6.Be3 Qc7 7.Qd2 e6 8.f3 h5
9.O-O-O Nbd7 10.Kb1 Be7 11.Be2 Rb8 12.Ndb5 axb5 13.Nxb5 Qc6 14.Na7 Qc7 15.Nb5 Qc6
16.Nxd6+ Kf8 17.Bb5 Qc7 18.c4 Kg8 19.Rhe1 e5 20.Nf5 Bf8 21.Bg5 Nc5 22.Ne3 Ne6
23.Bxf6 gxf6 24.Nd5 Qd8 25.Qf2 Bc5 26.Qh4 Rh6 27.f4 exf4 28.Nxf4 Qc7 29.Nxh5  1/2-1/2

[Event "Zonal 2.4 Absoluto 2013"]
[Site "Manaus BRA"]
[Date "2013.04.27"]
[Round "1.7"]
[White "Vera Siguenas,D"]
[Black "Zimmermann,Kleber Renato P."]
[Result "1-0"]
[WhiteElo "2427"]
[BlackElo "1984"]

1.e4 c5 2.Nf3 d6 3.d4 cxd4 4.Nxd4 Nf6 5.Nc3 a6 6.Be3 e5 7.Nb3 Be6 8.f3 Nbd7
9.Qd2 Be7 10.O-O-O b5 11.g4 Nb6 12.Qf2 Nfd7 13.Kb1 Nc4 14.Bxc4 bxc4 15.Nc1 Rb8
16.N1e2 Qa5 17.Ka1 Qb4 18.Rb1 O-O 19.Rhd1 Rfc8 20.Qe1 Kf8 21.Qd2 a5 22.a3 Qb7
23.Ng3 g6 24.Nf5 Bxf5 25.gxf5 Nf6 26.Bh6+ Ke8 27.Bg5 Rd8 28.Bxf6 Bxf6 29.Nd5 Bg7
30.f6 Bf8 31.Qxa5 Rdc8 32.Qc3 Rc5 33.b4 Rcc8 34.b5 Rc5 35.Rb4 Kd7 36.a4 Bh6
37.f4 Rxd5 38.Rxd5 Bxf4 39.Qh3+  1-0

[Event "III Miedzyzdroje Open 2013"]
[Site "Miedzyzdroje POL"]
[Date "2013.04.27"]
[Round "1.3"]
[White "Witczak,Jakub"]
[Black "Janczarski,M"]
[Result "0-1"]
[WhiteElo "1749"]
[BlackElo "2346"]

1.e4 c5 2.Nf3 d6 3.d4 cxd4 4.Nxd4 Nf6 5.Nc3 a6 6.Be3 e6 7.f4 Qc7 8.Qf3 b5
9.a3 Bb7 10.O-O-O Nbd7 11.g4 Nc5 12.Bd3 d5 13.e5 Nfe4 14.Nce2 Qa5 15.f5 b4
16.fxe6 fxe6 17.Rhf1 O-O-O 18.Nxe6 bxa3 19.b3 a2 20.Kb2 Nxe6 21.Qf5 Ba3+
22.Ka1 Rhe8 23.Bxe4 dxe4 24.Bg5 Rxd1+ 25.Rxd1 g6 26.Qf7 Qxe5+ 27.c3 Nxg5  0-1

[Event "ch-CHN w 2013"]
[Site "Xinghua CHN"]
[Date "2013.04.27"]
[Round "11.5"]
[White "Wang Jue"]
[Black "Ding Yixin"]
[Result "1/2-1/2"]
[WhiteElo "2401"]
[BlackElo "2427"]

1.e4 c5 2.Nf3 d6 3.d4 cxd4 4.Nxd4 Nf6 5.Nc3 a6 6.Be3 e5 7.Nb3 Be7 8.Qd2 Be6
9.O-O-O Nbd7 10.f3 O-O 11.g4 b5 12.g5 b4 13.Ne2 Ne8 14.f4 a5 15.f5 a4 16.Nbd4 exd4
17.Nxd4 b3 18.Kb1 bxc2+ 19.Nxc2 Bb3 20.axb3 axb3 21.Na3 Ne5 22.h4 Ra4 23.Qg2 Qa8
24.f6 Bd8 25.Bd4 Nc7 26.fxg7 Kxg7 27.h5 Ne6 28.Bxe5+ dxe5 29.g6 Bg5 30.gxf7 h6
31.Bb5 Rxe4 32.Bc4 Nd4 33.Rhf1 Re1 34.Bd5 Rxf1 35.Rxf1 Qa6 36.Bc4 Qa8 37.Bd5 Qa6
38.Bc4 Qa8 39.Qxa8 Rxa8 40.Bd5 Rf8 41.Nc4 e4 42.Bxe4 Rxf7 43.Rxf7+ Kxf7 44.Na5 Ke6
45.Nc6 Nxc6 46.Bxc6 Kf5  1/2-1/2

[Event "TCh-CZE Extraliga 2012-13"]
[Site "Czech Republic CZE"]
[Date "2013.04.28"]
[Round "11.8"]
[White "Schula,M"]
[Black "Kriebel,T"]
[Result "1/2-1/2"]
[WhiteElo "2291"]
[BlackElo "2359"]

1.e4 c5 2.Nf3 d6 3.d4 cxd4 4.Nxd4 Nf6 5.Nc3 a6 6.Be3 e5 7.Nb3 Be6 8.f4 exf4
9.Bxf4 Nc6 10.Qe2 Rc8 11.h3 g6 12.Qd2 Nh5 13.Bg5 Be7 14.Bxe7 Qxe7 15.O-O-O O-O
16.Kb1 Ne5 17.Be2 Ng3 18.Rhe1 Nxe2 19.Rxe2 Nc4 20.Qd4 Qg5 21.Nd5 Bxd5 22.exd5 b5
23.Nd2 Nxd2+ 24.Qxd2 Qxd2 25.Rdxd2 Rfe8 26.c3 Kf8 27.Kc2 Rxe2 28.Rxe2 Rc5
29.Rd2 f5 30.b4 Rc7 31.Kd3 Re7 32.a4 Re1 33.c4 Rb1 34.cxb5 axb5 35.Ra2 Rb3+
36.Kc2 Rg3 37.a5 Rxg2+ 38.Kb3 Rg3+ 39.Kc2 Rg2+ 40.Kb3 Rg3+ 41.Kc2 Rg2+  1/2-1/2

[Event "48th Capablanca Open II 2013"]
[Site "Havana CUB"]
[Date "2013.04.28"]
[Round "7.15"]
[White "Jodar Arias,M"]
[Black "Suarez Cabo,A"]
[Result "1-0"]
[WhiteElo "2170"]
[BlackElo "2137"]

1.e4 c5 2.Nf3 d6 3.d4 cxd4 4.Nxd4 Nf6 5.Nc3 a6 6.Be3 e6 7.Qd2 Be7 8.f3 O-O
9.g4 Nc6 10.O-O-O Nd7 11.h4 Nde5 12.Qf2 Rb8 13.g5 Bd7 14.Rg1 b5 15.f4 Nc4
16.Bxc4 bxc4 17.f5 Qa5 18.Nxc6 Bxc6 19.f6 Bd8 20.fxg7 Kxg7 21.Rxd6 Be7 22.Rxc6 Rfd8
23.Rb6  1-0

[Event "Nakhchivan Open A 2013"]
[Site "Nakhchivan AZE"]
[Date "2013.04.28"]
[Round "6.23"]
[White "Sevdimaliev,U"]
[Black "Guliev,L"]
[Result "0-1"]
[WhiteElo "2267"]
[BlackElo "2401"]

1.e4 c5 2.Nf3 d6 3.d4 cxd4 4.Nxd4 Nf6 5.Nc3 a6 6.Be3 e5 7.Nb3 Be7 8.f3 O-O
9.Qd2 Be6 10.O-O-O Qc7 11.g4 Rc8 12.g5 Nh5 13.Kb1 Nd7 14.Nd5 Bxd5 15.exd5 a5
16.Bh3 a4 17.Nc1 a3 18.b3 Nf4 19.Bxf4 exf4 20.Bxd7 Qxd7 21.h4 Qf5 22.Rhe1 Rc7
23.Qd3 Qh3 24.Ne2 Rac8 25.Rc1 g6 26.Rh1 Qg2 27.Nxf4 Qf2 28.Ne2 Bf8 29.h5 Bg7
30.hxg6 hxg6 31.Rcf1 Qb6 32.Rc1 Re7 33.Rh4 Re3 34.Qd2 Rce8 35.Nd4 Qc5 36.c4 Qb6
37.Rd1 R8e5 38.Rdh1 Qd8 39.Rg1 Qe7 40.Rhh1 Rxg5 41.Ne6 Rxg1+ 42.Rxg1 Rxf3
43.Nxg7 Kxg7 44.Qd4+ Qf6 45.Qxf6+ Kxf6 46.Rd1 b6 47.Kc2 Rf2+ 48.Kc3 Rxa2
49.Kb4 Ke5 50.Kb5 Rb2 51.Kxb6 a2 52.Ra1 Rxb3+ 53.Kc6 Ra3 54.c5 dxc5 55.d6 Ra6+
56.Kc7 Kd5 57.d7 Ra7+ 58.Kc8 Kc4 59.d8=Q Ra8+ 60.Kc7 Rxd8 61.Kxd8 Kb3  0-1

[Event "48th Capablanca Open II 2013"]
[Site "Havana CUB"]
[Date "2013.04.29"]
[Round "8.23"]
[White "Fuentes,Adrian"]
[Black "Parra Gomez,A"]
[Result "0-1"]
[WhiteElo "1984"]
[BlackElo "2130"]

1.e4 c5 2.Nf3 d6 3.d4 cxd4 4.Nxd4 Nf6 5.Nc3 a6 6.Be3 e5 7.Nb3 Be7 8.f3 Be6
9.Qd2 O-O 10.O-O-O Nbd7 11.g4 b5 12.g5 b4 13.Ne2 Ne8 14.h4 a5 15.Kb1 a4 16.Nbc1 b3
17.a3 bxc2+ 18.Qxc2 Nc7 19.Nc3 Qb8 20.Bh3 Nb5 21.Ka1 Rc8 22.Qd2 Nxc3 23.bxc3 Nb6
24.Bxb6 Qxb6 25.Bxe6 fxe6 26.Qb2 Qa5 27.Rd3 Rab8 28.Qa2 Rxc3 29.Qxe6+ Kh8
30.Rhd1 Qc5  0-1

[Event "Nakhchivan Open A 2013"]
[Site "Nakhchivan AZE"]
[Date "2013.04.29"]
[Round "7.27"]
[White "Sevdimaliev,U"]
[Black "Kazimova,N"]
[Result "1-0"]
[WhiteElo "2267"]
[BlackElo "2191"]

1.e4 c5 2.Nf3 d6 3.d4 cxd4 4.Nxd4 Nf6 5.Nc3 a6 6.Be3 e6 7.f3 b5 8.Qd2 Nbd7
9.O-O-O Bb7 10.g4 Nb6 11.Qf2 Nfd7 12.Bd3 Rc8 13.Nce2 d5 14.e5 Nc4 15.f4 Be7
16.Kb1 Qc7 17.g5 Nc5 18.h4 Ne4 19.Qg1 Bc5 20.h5 Qb6 21.Ka1 a5 22.g6 hxg6
23.Bxc4 bxc4 24.hxg6 Rxh1 25.Qxh1 fxg6 26.Qh7 Kf7 27.Rg1 Rg8 28.Qxg6+ Ke7
29.f5 c3 30.b3 Ba6 31.fxe6  1-0

[Event "Llucmajor Open 2013"]
[Site "Llucmajor ESP"]
[Date "2013.05.01"]
[Round "5.6"]
[White "Cabrera,Ale"]
[Black "Alonso Moyano,J"]
[Result "0-1"]
[WhiteElo "2529"]
[BlackElo "2409"]

1.e4 c5 2.Nf3 d6 3.d4 Nf6 4.Nc3 cxd4 5.Nxd4 a6 6.Be3 e5 7.Nb3 Be7 8.f3 h5
9.Qd2 Be6 10.O-O-O Nbd7 11.g3 b5 12.Nd5 Bxd5 13.exd5 Nb6 14.Bxb6 Qxb6 15.Na5 b4
16.Nc6 a5 17.Bg2 Rc8 18.f4 Rxc6 19.dxc6 e4 20.Rhe1 d5 21.h3 O-O 22.g4 Rd8
23.g5 Ne8 24.Qe2 Qxc6 25.Qxh5 Rc8 26.Rd2 g6 27.Qd1 Nc7 28.h4 a4 29.Qg4 Nb5
30.Qg3 Nd4 31.Qf2 Bc5 32.Qf1 Nxc2 33.Kb1 Nxe1 34.Qxe1 Be3  0-1

[Event "Zonal 2.4 Absoluto 2013"]
[Site "Manaus BRA"]
[Date "2013.05.01"]
[Round "6.11"]
[White "Patroclo,Arthur Ruiz"]
[Black "Reis,Renan do Carmo"]
[Result "0-1"]
[WhiteElo "2132"]
[BlackElo "2243"]

1.e4 c5 2.Nf3 d6 3.d4 cxd4 4.Nxd4 Nf6 5.Nc3 a6 6.Be3 e5 7.Nb3 Be6 8.Qd2 Be7
9.O-O-O O-O 10.f3 a5 11.a4 Nc6 12.g4 Nb4 13.g5 Nd7 14.Qf2 Rc8 15.Kb1 Bxg5
16.Bxg5 Qxg5 17.Rxd6 Qe7 18.Rd2 Nc5 19.Nxc5 Rxc5 20.Bb5 Rxc3 21.bxc3 Na2
22.Rd3 Qa3 23.Qd2 Nb4 24.Qg2 Ba2+ 25.Ka1 Nxc2+  0-1

[Event "Chinese Teams 2013"]
[Site "Tianjin CHN"]
[Date "2013.05.01"]
[Round "2.2"]
[White "Yu Yangyi"]
[Black "Chu Wei Chao"]
[Result "1/2-1/2"]
[WhiteElo "2675"]
[BlackElo "2257"]

1.e4 c5 2.Nf3 d6 3.d4 cxd4 4.Nxd4 Nf6 5.Nc3 a6 6.Be3 e5 7.Nb3 Be6 8.h3 h5
9.Be2 Nbd7 10.O-O Rc8 11.a4 Nb6 12.Nd2 d5 13.Bxb6 Qxb6 14.exd5 Nxd5 15.Nxd5 Bxd5
16.Bxh5 Qxb2 17.Nf3 Rd8 18.Rb1 Qc3 19.Nxe5 Qxe5 20.Re1 Be4 21.Qg4 Be7 22.Rxe4 Qxh5
23.Rbe1 Qxg4 24.Rxe7+ Kf8 25.hxg4 b6 26.Ra7 Rh6 27.Rxa6 Rc6 28.Re2 Rdc8 29.g5 g6
30.g3 Rc5 31.f4 b5 32.axb5 Rxb5 33.Rd6 Rbc5 34.Rdd2 Kg7 35.Kg2 Rc3 36.Kh3 Rh8+
37.Kg4 Rhc8 38.Rh2 R3c4 39.Rhf2 Rc3 40.Kh3 Rh8+ 41.Kg2 Rhc8 42.Rde2 R8c7
43.Kh2 Rc8 44.Rg2 R3c4 45.Kg1 Rc3 46.Rd2 Re3 47.Kf1 Rcc3 48.g4 Re4 49.f5 gxf5
50.gxf5 Re5 51.f6+ Kg6 52.Rd8 Rf3+ 53.Kg1 Re1+ 54.Kh2 Rff1 55.Rd5 Rh1+ 56.Kg3 Re3+
57.Kf4 Rhe1 58.Rc5 Re4+ 59.Kg3 R1e3+ 60.Kh2 Rh4+ 61.Kg1 Re1+ 62.Kf2 Rhe4
63.Rg3 R4e2+ 64.Kf3 Re3+ 65.Kg4 Re4+ 66.Kh3 Rh1+ 67.Kg2 Rhe1 68.c3 R1e2+
69.Kh3 Re1 70.Rd3 Rh1+ 71.Kg2 Ree1 72.Rg3 Rhg1+ 73.Kf3 Rgf1+ 74.Kg4 Re4+
75.Kh3 Rfe1 76.Rc8 Rh1+ 77.Kg2 Ree1 78.Rc5 Rhg1+ 79.Kh3 Rh1+ 80.Kg4 Re4+
81.Kf3 Rhe1 82.c4 R1e2 83.Rg1 R2e3+ 84.Kf2 Re2+ 85.Kg3 R2e3+ 86.Kg2 Re2+
87.Kh3 Rc2 88.Rg4 Rh2+ 89.Kg3 Rg2+ 90.Kxg2 Rxg4+ 91.Kf3 Rxg5 92.Rc6 Rf5+
93.Ke4 Rxf6 94.Rc8 Rf1 95.c5 f5+ 96.Kd3 Rc1 97.Kd4 Rd1+ 98.Ke5 Re1+ 99.Kd6 Rd1+
100.Kc7 f4 101.Rf8 Kg5 102.c6 Kg4 103.Kb6 Rb1+ 104.Kc5 Rc1+ 105.Kd6 f3 106.c7 Kg3  1/2-1/2

[Event "Chinese Teams 2013"]
[Site "Tianjin CHN"]
[Date "2013.05.02"]
[Round "3.6"]
[White "Wang Jue"]
[Black "Sun,F"]
[Result "1-0"]
[WhiteElo "2401"]
[BlackElo "2134"]

1.e4 c5 2.Nf3 d6 3.d4 cxd4 4.Nxd4 Nf6 5.Nc3 a6 6.Be3 Ng4 7.Bg5 h6 8.Bh4 g5
9.Bg3 Bg7 10.Qd2 Nc6 11.Nb3 Be6 12.h4 b5 13.hxg5 Qb6 14.O-O-O Rc8 15.Nd5 Bxd5
16.exd5 Nce5 17.Nd4 Nc4 18.Bxc4 bxc4 19.c3 Ne5 20.Bxe5 Bxe5 21.Nc6 Rxc6 22.dxc6 Qxc6
23.Qd5 Qxd5 24.Rxd5 Kd7 25.Rxh6 Rg8 26.Rh5 Kc6 27.Ra5 Kb6 28.Ra4 d5 29.Kc2 Kb5
30.Rb4+ Kc6 31.b3 a5 32.Ra4 Kb5 33.g6 f6 34.f4 Bxf4 35.Rxd5+ Kc6 36.Rdxa5 cxb3+
37.axb3 Bd6 38.Rg4  1-0

[Event "46th ch-JPN"]
[Site "Tokyo JPN"]
[Date "2013.05.03"]
[Round "6.6"]
[White "Nanjo,R"]
[Black "Watanabe,A"]
[Result "1/2-1/2"]
[WhiteElo "2327"]
[BlackElo "2281"]

1.e4 c5 2.Nf3 d6 3.d4 cxd4 4.Nxd4 Nf6 5.Nc3 a6 6.Be3 e5 7.Nb3 Be6 8.f3 h5
9.Qd2 Nbd7 10.O-O-O Rc8 11.Kb1 Be7 12.g3 b5 13.Nd5 Nxd5 14.exd5 Bf5 15.Bd3 Bxd3
16.Qxd3 O-O 17.Rhg1 Nb6 18.Bxb6 Qxb6 19.g4 h4 20.g5 Rc4 21.c3 Rf4 22.Qe2 g6
23.Nd2 Kg7 24.Ne4 Qc7 25.Rg4 Rf5 26.h3 Rh8 27.Rf1 Qd8 28.Qe3 Rh5 29.Rfg1 Qa8
30.Rd1 Qd8 31.Rdg1 Qa8 32.Rd1 Qd8 33.Rdg1  1/2-1/2

[Event "46th ch-JPN"]
[Site "Tokyo JPN"]
[Date "2013.05.05"]
[Round "11.3"]
[White "Nanjo,R"]
[Black "Baba,M"]
[Result "0-1"]
[WhiteElo "2327"]
[BlackElo "2235"]

1.e4 c5 2.Nf3 d6 3.d4 cxd4 4.Nxd4 Nf6 5.Nc3 a6 6.Be3 e5 7.Nb3 Be6 8.Be2 Be7
9.O-O O-O 10.f4 exf4 11.Rxf4 Nc6 12.Nd5 Bxd5 13.exd5 Ne5 14.a4 Nfd7 15.Rb4 b6
16.a5 b5 17.c4 bxc4 18.Nd2 Nd3 19.Bxd3 cxd3 20.Nc4 Ne5 21.Nb6 Rb8 22.Bd4 f5
23.Rb3 f4 24.Kh1 f3 25.gxf3 Nxf3 26.Rxd3 Nxd4 27.Rxd4 Bf6 28.Rd2 Be5 29.Qg4 Rb7
30.Rg1 Kh8 31.Rc2 Rbf7 32.Rc8 Rf2 33.Rgc1 Qe7 34.Nd7 Rxh2+ 35.Kg1 h5 36.Nxf8 Qa7+
37.R1c5 hxg4 38.Ng6+ Kh7 39.Nxe5 Rc2 40.Rc7 Qxc5+ 41.Rxc5 Rxc5 42.Nc6 Rxd5
43.b4 Rd2 44.Nb8 Rb2 45.Nxa6 d5 46.Nc7 Rxb4 47.Nxd5 Rb5 48.Ne3 Rxa5 49.Kf2 Kg6
50.Nxg4 Kg5 51.Ne3 Ra2+ 52.Kf1 Kf4 53.Nd5+ Kf3 54.Kg1 g5 55.Ne7 g4 56.Ng6 Ra1+
57.Kh2 g3+ 58.Kh3 Rh1+  0-1

[Event "Tschaturanga Open 2013"]
[Site "Vienna AUT"]
[Date "2013.05.06"]
[Round "1.2"]
[White "Iro,Christian"]
[Black "Burg,T"]
[Result "0-1"]
[WhiteElo "1891"]
[BlackElo "2478"]

1.e4 c5 2.Nf3 d6 3.d4 cxd4 4.Nxd4 Nf6 5.Nc3 a6 6.Be3 Nbd7 7.f3 e6 8.Qd2 b5
9.a3 h5 10.Be2 Bb7 11.O-O-O Rc8 12.h4 Nb6 13.Bg5 Be7 14.Rdg1 Nc4 15.Bxc4 Rxc4
16.b3 Rc8 17.Kb2 Qc7 18.Qd3 Qa5 19.Bd2 Qb6 20.Be3 Qa5 21.Bd2 Qc7 22.Bg5 Qb6
23.Be3 Qd8 24.Bg5 Qc7 25.g4 hxg4 26.fxg4 Qxc3+ 27.Qxc3 Rxc3 28.Kxc3 Nxe4+
29.Kb2 Nxg5 30.Rh2 Bf6  0-1

[Event "Catalan Championship 2013"]
[Site "Barcelona ESP"]
[Date "2013.05.09"]
[Round "3.2"]
[White "Lopez Martinez,Josep"]
[Black "Alonso Rosell,A"]
[Result "1-0"]
[WhiteElo "2535"]
[BlackElo "2547"]

1.e4 c5 2.Nc3 a6 3.Nf3 d6 4.d4 cxd4 5.Nxd4 Nf6 6.Be3 Ng4 7.Bg5 h6 8.Bh4 g5
9.Bg3 Bg7 10.h3 Ne5 11.Qd2 Nbc6 12.O-O-O Nxd4 13.Qxd4 Be6 14.h4 Qa5 15.Kb1 Rc8
16.Nd5 Bxd5 17.Qxd5 Qa4 18.Rd2 Qb4 19.a3 Qb6 20.Qd4 Qxd4 21.Rxd4 gxh4 22.Bxh4 Nf3
23.Rb4 Nxh4 24.Rxh4 Rc7 25.Rh3 Kd7 26.Rhb3 Ra8 27.Rxb7 Bd4 28.f4 Kc6 29.R7b4 Bc5
30.Ra4 Rca7 31.Rh3 a5 32.Rxh6 Rg8 33.Rh5 Rg4 34.e5 d5 35.c4 d4 36.Rf5 e6
37.Rf6 Bf8 38.Be2 Rg3 39.b4 Bg7 40.Bf3+ Rxf3 41.gxf3 Bxf6 42.exf6 d3 43.Rxa5 Rd7
44.Kc1 Rd4 45.f5 Rxc4+ 46.Kd2 Rf4 47.fxe6 fxe6 48.Re5 Rxf3 49.Rxe6+ Kd5 50.Re3 Rxf6
51.Kxd3 Ra6 52.Kc2 Kc4 53.Rc3+ Kb5 54.Kb3 Rh6 55.a4+ Kb6 56.a5+ Ka6 57.Ka4 Rh1
58.b5+ Ka7 59.Rc7+ Kb8 60.Re7 Rh4+ 61.Kb3 Rh1 62.a6 Rh4 63.b6 Rh8 64.Kc4 Ka8
65.Kc5 Kb8 66.Kd6 Rd8+ 67.Ke6 Ka8 68.Kf7 Re8  1-0

[Event "HC Andersen Open 2013"]
[Site "Odense DEN"]
[Date "2013.05.10"]
[Round "4.7"]
[White "Olsen,Aa"]
[Black "Carstensen,J"]
[Result "0-1"]
[WhiteElo "2056"]
[BlackElo "2381"]

1.e4 c5 2.Nf3 d6 3.d4 Nf6 4.Nc3 cxd4 5.Nxd4 a6 6.Be3 Ng4 7.Qd2 Nxe3 8.Qxe3 Nc6
9.Rd1 e6 10.Be2 Be7 11.Bf3 Qc7 12.O-O O-O 13.Kh1 Bf6 14.Nxc6 bxc6 15.b3 d5
16.Ne2 Bb7 17.c4 Rad8 18.exd5 cxd5 19.cxd5 Bxd5 20.Bxd5 exd5 21.Nd4 Rfe8
22.Qd3 Qb6 23.Nf3 g6 24.Rd2 a5 25.h3 Re4 26.Rfd1 a4 27.Qc2 axb3 28.axb3 Qb7
29.Rd3 Rb4 30.Qd2 d4 31.Rb1 Kg7 32.Qf4 Qb5 33.Qd2 Rd6 34.Qd1 Qb6 35.Rc1 Rd8
36.Qc2 Qb7 37.Nd2 Re8 38.Nc4 Re6 39.Qd1 Qe7 40.Qf3 Rb8 41.Ra1 Re8 42.Ra8 Re1+
43.Kh2 Rxa8 44.Qxa8 Qe2 45.Qf3 Qf1 46.Kg3 h5 47.h4 Qh1 48.Qf4 Rg1 49.Qe4 Bxh4+
50.Kf4 Rxg2  0-1

[Event "5th Alexander The Great Open 2013"]
[Site "Porto Carras GRE"]
[Date "2013.05.10"]
[Round "4.8"]
[White "Ladopoulos,D"]
[Black "Asgarov,M"]
[Result "0-1"]
[WhiteElo "2100"]
[BlackElo "2226"]

1.e4 c5 2.Nf3 d6 3.d4 cxd4 4.Nxd4 Nf6 5.Nc3 a6 6.Be3 e5 7.Nb3 Be6 8.Qd2 Be7
9.O-O-O O-O 10.f4 Ng4 11.g3 Nxe3 12.Qxe3 Nc6 13.Kb1 Rc8 14.Nd5 b5 15.c3 Re8
16.f5 Bxd5 17.Rxd5 Nb8 18.h4 h6 19.Be2 Nd7 20.Rdd1 Nb6 21.Qf2 Na4 22.g4 Qb6
23.Qg3 f6 24.Rdg1 Rf8 25.Qh3 Qd8 26.Nd2 d5 27.g5 fxg5 28.Nf3 dxe4 29.Rd1 Qc7
30.Nd2 Nc5 31.Rdg1 Qd8  0-1

[Event "Catalan Championship 2013"]
[Site "Barcelona ESP"]
[Date "2013.05.11"]
[Round "4.2"]
[White "Lorenzo de la Riva,L"]
[Black "Alonso Rosell,A"]
[Result "0-1"]
[WhiteElo "2423"]
[BlackElo "2547"]

1.e4 c5 2.Nf3 d6 3.d4 cxd4 4.Nxd4 Nf6 5.Nc3 a6 6.Be3 e5 7.Nb3 Be6 8.Qd2 Nbd7
9.O-O-O Rc8 10.f4 b5 11.Kb1 Be7 12.f5 Bc4 13.g4 Nxg4 14.Rg1 Nxe3 15.Qxe3 Qb6
16.Qg3 Bf8 17.Bxc4 bxc4 18.Nc1 Nf6 19.Nd5 Qb7 20.Nxf6+ gxf6 21.Qh4 Be7 22.Ne2 c3
23.b3 Qb4 24.Rg3 Rc5 25.Qg4 Kd7 26.Rdd3 Rhc8 27.Qh5 Qxe4 28.Nxc3 Qe1+ 29.Kb2 e4
30.Rde3 Qf2 31.Qxf7 Re5 32.Qxh7 d5 33.Re2 Qxf5 34.Qh6 Qe6 35.Rg7 Rg5 36.Rh7 Rxc3
37.Rxe7+ Qxe7 38.Kxc3 Qe5+ 39.Kb4 d4 40.Qh3+ Kd6 41.Ka3 Qa5+ 42.Kb2 Qc3+
43.Qxc3 dxc3+ 44.Kxc3 Ke5 45.Re3 f5 46.Rh3 f4 47.Rh8 f3 48.Rf8  0-1